00140nam a2200061Ia 4500100002000000245003900020260001900059 aKhaimouich/E.M  aHydraulic Control of Machine Tools bPergamon press